Statistics for 2020 Coronavirus Pandemic

Click here to take the quiz!

General Stats

  • This quiz has been taken 13 times
  • The average score is 8 of 13

Answer Stats

HintAnswer% Correct
The name of the disease caused by said virusCOVID-19
100%
Country of first discoveryChina
100%
Symptoms of the virusFever, Cough, Loss of smell and taste
100%
First country to surpass 1 millions confirmed cases of the virusUSA
100%
First country to start a vaccination program against the virusUK
77%
Substance that President Donald Trump suggested could help fight the virusDisinfectant
69%
Month in which a new variant of the virus became noticed in the UKSeptember
69%
Country of the first foreign case of the virusThailand
62%
Man who made billions of dollars due to the pandemicJeff Bezos
54%
Name of cruise ship that was a hotspot of the virus in February 2020The Diamond Princess
38%
Common method of stopping the spread of the virus used by many governmentsLockdowns
31%
The official name of the virusSARS-CoV-2
23%
Object that conspiracy theorists claimed caused the virus5G mobile towers
8%

Score Distribution

Percentile by Number Answered

Percent of People with Each Score

Your Score History

You have not taken this quiz